[Event "14th North Sea Cup"]
[Site "Esbjerg DEN"]
[Date "1996.??.??"]
[Round "1"]
[White "Emms, John"]
[Black "Rewitz, Poul"]
[Result "1-0"]
[WhiteElo "2500"]
[BlackElo "2320"]
[EventDate "1996.??.??"]
[PlyCount "59"]

1.e4 c6 2.d4 d5 3.Nd2 Qa5 4.c3 dxe4 5.Nxe4 Bf5 6.Nc5 Nd7 7.Qf3 e6 8.Nxd7 
Kxd7 9.Qg3 Ne7 10.Nf3 Ng6 11.Ne5+ Nxe5 12.dxe5 Rd8 13.Bg5 Re8 14.Be2 Kc8 
15.O-O h6 16.Be3 g5 17.b4 Qa3 18.Bc1 Qa4 19.Bh5 Rd8 20.Be3 Rd3 21.Rfc1 Qa3
22.Bxf7 Rxc3 23.b5 Bg7 24.bxc6 b6 25.c7 Qb2 26.Qf3 Bxe5 27.Rxc3 Bxc3 28.
Rc1 Kd7 29.g4 Bc2 30.Qb7 1-0

[Event "14th North Sea Cup"]
[Site "Esbjerg DEN"]
[Date "1996.??.??"]
[Round "1"]
[White "Venoe Jakobsen, Lars"]
[Black "Poulton, James"]
[Result "1-0"]
[WhiteElo "2305"]
[BlackElo "2360"]
[EventDate "1996.??.??"]
[PlyCount "119"]

1.d4 Nf6 2.c4 c5 3.d5 b5 4.cxb5 a6 5.f3 e6 6.e4 c4 7.Bxc4 Bc5 8.Ne2 axb5 
9.Bxb5 Qb6 10.Nbc3 Ba6 11.Qb3 O-O 12.Bxa6 Qxa6 13.Bg5 Rc8 14.Bxf6 gxf6 15.
O-O-O Rc7 16.Nd4 Rb7 17.Ndb5 Nc6 18.Qc4 Be3+ 19.Kb1 Na7 20.a4 Nxb5 21.axb5
Qa5 22.Rhe1 Bd2 23.Rxd2 Qa1+ 24.Kc2 Qxe1 25.Re2 Qh4 26.g3 Qh5 27.f4 Rbb8 
28.Rd2 Rc8 29.Qb4 exd5 30.exd5 Rab8 31.Kb3 Qf3 32.Ka2 Qe3 33.Qd4 Qxd4 34.
Rxd4 d6 35.Kb3 Kf8 36.Kb4 Rc5 37.Re4 f5 38.Re1 Re8 39.Ra1 Rec8 40.Ra7 Ke8 
41.b6 Rb8 42.Na4 Rxd5 43.Rc7 Rd4+ 44.Kb5 Rxa4 45.Kxa4 Rxb6 46.b4 d5 47.Ka5
Rb8 48.b5 d4 49.Rc1 Kd7 50.b6 Ra8+ 51.Kb5 Ra2 52.Rc7+ Kd6 53.Rc4 Rb2+ 54.
Rb4 Rd2 55.Kc4 Rc2+ 56.Kxd4 Rc8 57.b7 Rb8 58.Rb6+ Kc7 59.Rf6 Rf8 60.Ke5 
1-0

[Event "14th North Sea Cup"]
[Site "Esbjerg DEN"]
[Date "1996.??.??"]
[Round "1"]
[White "Kristiansen, Jens"]
[Black "Joergensen, Michael"]
[Result "0-1"]
[WhiteElo "2440"]
[BlackElo "2285"]
[EventDate "1996.??.??"]
[PlyCount "146"]

1.e4 e6 2.d3 d5 3.Nd2 Nf6 4.Ngf3 c5 5.g3 Nc6 6.Bg2 Be7 7.O-O b6 8.Re1 Bb7 
9.e5 Nd7 10.c4 O-O 11.cxd5 exd5 12.Nf1 Re8 13.h4 Nf8 14.Ne3 Ne6 15.Nf5 Bf8
16.h5 Qc7 17.a3 a5 18.h6 g6 19.Ne3 Rad8 20.Ng4 Be7 21.Be3 d4 22.Bc1 Ba6 
23.Qe2 c4 24.Nd2 cxd3 25.Qf3 Bb7 26.Ne4 Rf8 27.Nef6+ Kh8 28.Nd5 Rxd5 29.
Qxd5 Ncd8 30.Qb3 Bxg2 31.Kxg2 Qc2 32.Qxb6 d2 33.Bxd2 Qxd2 34.Rad1 Qg5 35.
f3 Qf5 36.Qxa5 Ng5 37.Qd5 Nde6 38.Nf2 Rd8 39.Qb7 Bf8 40.f4 Nc5 41.Qc6 Nge6
42.b4 Rc8 43.Qb5 Nxf4+ 44.gxf4 Ne6 45.Kf1 Bxh6 46.Qd3 Qxf4 47.Qe4 Qg5 48.
Qg4 Qd8 49.Qf3 Qb6 50.Nd3 Qa6 51.Kg1 Be3+ 52.Kh1 Qxa3 53.Rf1 Ng5 54.Qd5 
Qa4 55.b5 Qc2 56.b6 Qe2 57.Qg2 Qh5+ 58.Qh2 Qg4 59.Qg2 Qd7 60.Rb1 Rb8 61.
Rb3 Qe6 62.Rfb1 Ne4 63.R1b2 Qf5 64.Kh2 Nc3 65.Nf2 Qxe5+ 66.Kh1 Nd1 67.Nxd1
Qh5+ 68.Qh2 Qf3+ 69.Rg2 Qxd1+ 70.Rg1 Qxg1+ 71.Qxg1 Bxg1 72.Kxg1 Kg7 73.Kf2
Kf6 0-1

[Event "14th North Sea Cup"]
[Site "Esbjerg DEN"]
[Date "1996.??.??"]
[Round "1"]
[White "Buus Pedersen, Hans"]
[Black "Kristensen, Leif"]
[Result "1-0"]
[WhiteElo "2230"]
[BlackElo "2385"]
[EventDate "1996.??.??"]
[PlyCount "83"]

1.d4 Nf6 2.c4 c5 3.d5 b5 4.cxb5 a6 5.b6 Qxb6 6.Nc3 g6 7.e4 d6 8.Nf3 Bg7 9.
Be2 O-O 10.O-O Ne8 11.Nd2 Nd7 12.Nc4 Qc7 13.Na4 e6 14.Bd2 exd5 15.Ba5 Qb8 
16.exd5 Ra7 17.Rc1 Rb7 18.Bd2 Rb5 19.b3 Bb7 20.Nc3 Qa8 21.Nxb5 axb5 22.Ne3
Nc7 23.Bc3 Bxc3 24.Rxc3 Qxa2 25.Bg4 Nf6 26.Bf3 b4 27.Rc1 Qa8 28.Ra1 Qb8 
29.Ra5 Ba8 30.Qa1 Qd8 31.Ra7 Nb5 32.Rxa8 Qxa8 33.Qxf6 Nd4 34.Ng4 h5 35.Ne3
Nxb3 36.Bxh5 Nd2 37.Nf5 gxf5 38.Qg5+ Kh7 39.Qxd2 b3 40.Qd3 b2 41.Qxf5+ Kh6
42.Bxf7 1-0

[Event "14th North Sea Cup"]
[Site "Esbjerg DEN"]
[Date "1996.??.??"]
[Round "2"]
[White "Fries-Nielsen, Jens Ove"]
[Black "Buus Pedersen, Hans"]
[Result "1-0"]
[WhiteElo "2425"]
[BlackElo "2230"]
[EventDate "1996.??.??"]
[PlyCount "55"]

1.d4 g6 2.e4 Bg7 3.Nc3 d6 4.Be3 a6 5.Qd2 b5 6.h4 h5 7.O-O-O Bb7 8.f3 Nd7 
9.Nh3 Ngf6 10.Nf4 b4 11.Nce2 e5 12.dxe5 dxe5 13.Nd5 Bxd5 14.exd5 Qe7 15.
Kb1 a5 16.Ng3 a4 17.Bb5 b3 18.cxb3 axb3 19.axb3 O-O 20.d6 cxd6 21.Qxd6 
Qxd6 22.Rxd6 Nb8 23.Rhd1 Ra5 24.Bc4 Ne8 25.Rxg6 Nf6 26.Bh6 Kh7 27.Rxg7+ 
Kxh6 28.Nf5# 1-0

[Event "14th North Sea Cup"]
[Site "Esbjerg DEN"]
[Date "1996.??.??"]
[Round "2"]
[White "Venoe Jakobsen, Lars"]
[Black "Kristiansen, Jens"]
[Result "1/2-1/2"]
[WhiteElo "2305"]
[BlackElo "2440"]
[EventDate "1996.??.??"]
[PlyCount "125"]

1.d4 f5 2.g3 Nf6 3.Bg2 e6 4.Nf3 Be7 5.O-O O-O 6.c4 Ne4 7.b3 Bf6 8.Bb2 c5 
9.Nbd2 d5 10.e3 Nc6 11.Ne5 Nxe5 12.dxe5 Be7 13.Nxe4 dxe4 14.Qxd8 Rxd8 15.
Rfd1 Bd7 16.Rd2 Bc6 17.Rad1 Rxd2 18.Rxd2 g5 19.a3 Kf7 20.Bc3 Rb8 21.Bf1 a6
22.Be2 b5 23.Bh5+ Kf8 24.Be2 g4 25.Kf1 Kf7 26.Kg1 h5 27.Kf1 h4 28.Kg1 h3 
29.Kf1 b4 30.axb4 cxb4 31.Bd4 a5 32.Ra2 Bd8 33.Ke1 a4 34.Kd1 a3 35.Kc1 Be7
36.Kb1 Ra8 37.Bb6 Bd8 38.Bc5 Be7 39.Bb6 Rb8 40.Bd4 Bf8 41.Rd2 Rd8 42.Rd1 
Rd7 43.Bb6 Rb7 44.Bd4 Ke8 45.Ka2 Bd7 46.Rd2 Kd8 47.Kb1 Kc7 48.Kc1 Rb8 49.
Bd1 Ra8 50.Ra2 Ra5 51.Bc2 Bg7 52.Bb1 Bxe5 53.Bxe5+ Rxe5 54.Rd2 Ra5 55.Ba2 
e5 56.Rd5 Ra8 57.Rxe5 Bc6 58.Rxf5 Rd8 59.Rf7+ Kb6 60.Rf4 Rd3 61.Kc2 Rc3+ 
62.Kb1 Rd3 63.Kc2 1/2-1/2

[Event "14th North Sea Cup"]
[Site "Esbjerg DEN"]
[Date "1996.??.??"]
[Round "2"]
[White "Joergensen, Michael"]
[Black "Emms, John"]
[Result "0-1"]
[WhiteElo "2285"]
[BlackElo "2500"]
[EventDate "1996.??.??"]
[PlyCount "96"]

1.d4 Nf6 2.c4 e6 3.Nf3 c5 4.d5 d6 5.Nc3 exd5 6.cxd5 g6 7.Nd2 Bg7 8.e4 O-O 
9.Be2 Na6 10.O-O Nc7 11.a4 b6 12.Nc4 Ba6 13.Rb1 Re8 14.f3 Bxc4 15.Bxc4 Nd7
16.Bd2 Be5 17.g3 a6 18.Kg2 Qe7 19.Re1 Bg7 20.Qc2 Rab8 21.b4 b5 22.Bf1 cxb4
23.Na2 b3 24.Qxb3 Nc5 25.Qa3 bxa4 26.Nb4 Nb5 27.Bxb5 Rxb5 28.Nc6 Qb7 29.
Bb4 Ra8 30.Rbd1 Rxb4 31.Nxb4 a5 32.Nc6 Qb3 33.Qc1 Nd3 34.Rxd3 Qxd3 35.Re3 
Qb5 36.e5 Bxe5 37.Nxe5 dxe5 38.Rxe5 Rb8 39.Qe3 Rd8 40.Qd2 a3 41.Kh3 Qf1+ 
42.Kg4 Qc4+ 43.f4 a2 44.Qxa5 Qc8+ 45.Kg5 h6+ 46.Kxh6 Qh3+ 47.Kg5 Kg7 48.f5
f6+ 0-1

[Event "14th North Sea Cup"]
[Site "Esbjerg DEN"]
[Date "1996.??.??"]
[Round "2"]
[White "Poulton, James"]
[Black "Kristensen, Leif"]
[Result "0-1"]
[WhiteElo "2360"]
[BlackElo "2385"]
[EventDate "1996.??.??"]
[PlyCount "98"]

1.d4 Nf6 2.c4 g6 3.Nc3 Bg7 4.Nf3 O-O 5.Bg5 d6 6.e3 c6 7.Be2 Nbd7 8.Qc2 h6 
9.Bh4 a6 10.O-O Nh7 11.e4 Re8 12.Rfd1 g5 13.Bg3 e5 14.h3 Nhf8 15.b4 a5 16.
b5 Ng6 17.bxc6 bxc6 18.c5 dxc5 19.dxc5 Nf4 20.Na4 Qc7 21.Bf1 Rb8 22.Nd2 
Bf8 23.Rab1 Rxb1 24.Rxb1 Ne6 25.Nb3 Qa7 26.Rc1 Ba6 27.Bxa6 Qxa6 28.Qc4 Qa7
29.Qc3 Rb8 30.Bxe5 Rb4 31.Nb6 Nxe5 32.Qxe5 a4 33.Nd2 Bxc5 34.Nbc4 Bxf2+ 
35.Kh1 Bd4 36.Qf5 Be3 37.Rf1 Qe7 38.Ne5 Bxd2 39.Nxc6 Qc7 40.Nxb4 Bxb4 41.
Qb5 Bd6 42.Qxa4 Kg7 43.Qd1 Be5 44.a4 Nf4 45.Qf3 Qc4 46.Rf2 Nh5 47.g3 Nxg3+
48.Kg2 Bf4 49.a5 Qc1 0-1

[Event "14th North Sea Cup"]
[Site "Esbjerg DEN"]
[Date "1996.??.??"]
[Round "2"]
[White "Rewitz, Poul"]
[Black "Roedgaard, John"]
[Result "1/2-1/2"]
[WhiteElo "2320"]
[BlackElo "2375"]
[EventDate "1996.??.??"]
[PlyCount "81"]

1.e4 e6 2.d4 d5 3.Nc3 Bb4 4.exd5 exd5 5.Bd3 Nc6 6.a3 Bxc3+ 7.bxc3 Qe7+ 8.
Ne2 Bg4 9.f3 Bh5 10.O-O Bg6 11.a4 Qd7 12.Rb1 O-O-O 13.Bf4 Nge7 14.Nc1 Na5 
15.Rb5 Nec6 16.Na2 Rhe8 17.Qb1 Bxd3 18.cxd3 b6 19.Bg3 Re2 20.Nc1 Re7 21.
Qa2 a6 22.Rb2 f6 23.Bf2 g5 24.Rd2 Qe6 25.Re2 Qf7 26.Rfe1 Rd6 27.Rxe7 Nxe7 
28.c4 Re6 29.Rf1 dxc4 30.dxc4 Rc6 31.d5 Rxc4 32.d6 Nd5 33.dxc7 Qxc7 34.Ne2
Qc6 35.Qb1 Qxa4 36.Qxh7 Qc6 37.Nd4 Qd7 38.Qg8+ Kb7 39.Qg6 Rc8 40.Qe4 Nc6 
41.Nf5 1/2-1/2

[Event "14th North Sea Cup"]
[Site "Esbjerg DEN"]
[Date "1996.??.??"]
[Round "3"]
[White "Emms, John"]
[Black "Venoe Jakobsen, Lars"]
[Result "1-0"]
[WhiteElo "2500"]
[BlackElo "2305"]
[EventDate "1996.??.??"]
[PlyCount "59"]

1.e4 c6 2.d4 d5 3.Nd2 dxe4 4.Nxe4 Bf5 5.Ng3 Bg6 6.h4 h6 7.Nf3 Nd7 8.h5 Bh7
9.Bd3 Bxd3 10.Qxd3 e6 11.Bf4 Qa5+ 12.Bd2 Qc7 13.O-O-O O-O-O 14.Qe2 Ngf6 
15.Ne5 Nxe5 16.dxe5 Nd7 17.f4 Be7 18.Be3 Qa5 19.Kb1 Nb6 20.Ne4 Qb4 21.Bc1 
Kc7 22.b3 Nd5 23.Bd2 Qa3 24.c4 Nb6 25.Bc3 Nc8 26.Nd6 Rhf8 27.Rd3 f5 28.
Rhd1 Rg8 29.Qd2 Qa6 30.Nf7 1-0

[Event "14th North Sea Cup"]
[Site "Esbjerg DEN"]
[Date "1996.??.??"]
[Round "3"]
[White "Kristensen, Leif"]
[Black "Fries-Nielsen, Jens Ove"]
[Result "1/2-1/2"]
[WhiteElo "2385"]
[BlackElo "2425"]
[EventDate "1996.??.??"]
[PlyCount "27"]

1.e4 e6 2.d4 d5 3.Nd2 c5 4.exd5 Qxd5 5.Ngf3 cxd4 6.Bc4 Qd6 7.O-O Nf6 8.Nb3
Nc6 9.Nbxd4 Nxd4 10.Nxd4 a6 11.c3 Qc7 12.Bb3 Bd6 13.h3 O-O 14.Re1 1/2-1/2

[Event "14th North Sea Cup"]
[Site "Esbjerg DEN"]
[Date "1996.??.??"]
[Round "3"]
[White "Kristiansen, Jens"]
[Black "Poulton, James"]
[Result "0-1"]
[WhiteElo "2440"]
[BlackElo "2360"]
[EventDate "1996.??.??"]
[PlyCount "78"]

1.e4 e6 2.d3 c5 3.Nf3 Nc6 4.g3 g6 5.Bg2 Bg7 6.O-O Nge7 7.Re1 d6 8.c3 e5 9.
Nbd2 O-O 10.a3 h6 11.b4 Be6 12.Rb1 cxb4 13.cxb4 b5 14.Bb2 Qb6 15.Nb3 Rad8 
16.Bc3 f5 17.Qd2 Rf7 18.Qb2 Rdf8 19.Nbd2 f4 20.Rf1 g5 21.gxf4 Rxf4 22.h3 
g4 23.hxg4 Bxg4 24.Qb3+ Kh8 25.Nh2 Rxf2 26.Kh1 Be2 27.Rxf2 Qxf2 28.Bf1 Ng6
29.Bxe2 Qxe2 30.Qd1 Qxd3 31.Qg4 Qxc3 32.Qxg6 Qxd2 33.Rg1 Rg8 34.Nf3 Qf4 
35.Qh5 Qxe4 36.Rg2 Bf8 37.Rxg8+ Kxg8 38.Kh2 Qf4+ 39.Kg2 Qf7 0-1

[Event "14th North Sea Cup"]
[Site "Esbjerg DEN"]
[Date "1996.??.??"]
[Round "3"]
[White "Buus Pedersen, Hans"]
[Black "Rewitz, Poul"]
[Result "0-1"]
[WhiteElo "2230"]
[BlackElo "2320"]
[EventDate "1996.??.??"]
[PlyCount "136"]

1.d4 d5 2.Nf3 Nc6 3.Bg5 Bg4 4.Nbd2 f6 5.Bh4 e6 6.e3 Nge7 7.h3 Bh5 8.Bg3 
Bf7 9.a3 Nf5 10.Bh2 Bd6 11.Bxd6 cxd6 12.Bd3 Nfe7 13.c3 Bg6 14.Bxg6+ hxg6 
15.Qb3 Qb6 16.Qxb6 axb6 17.O-O b5 18.Rfe1 Kd7 19.Nb3 g5 20.Rad1 Nc8 21.e4 
Nb6 22.Nc1 Na5 23.Nd3 dxe4 24.Rxe4 Nd5 25.Nd2 Nc4 26.Nxc4 bxc4 27.Nb4 Nxb4
28.axb4 Rh4 29.Re2 g4 30.d5 gxh3 31.dxe6+ Ke7 32.gxh3 Rxh3 33.Rd4 b5 34.
Kg2 Rah8 35.Rd5 R3h5 36.Rxh5 Rxh5 37.f4 f5 38.Re1 Rh6 39.Kf3 Rh5 40.Kg3 
Rh6 41.Kf3 Rh2 42.Rg1 Rxb2 43.Rxg7+ Kxe6 44.Rg1 Rd2 45.Re1+ Kd7 46.Re2 Rd1
47.Re3 Rf1+ 48.Kg3 Kc6 49.Rf3 Re1 50.Kf2 Re4 51.Kg3 Kd5 52.Kh4 Re1 53.Kg5 
Ke4 54.Rf2 Re3 55.Rd2 Rg3+ 56.Kf6 Rd3 57.Re2+ Kxf4 58.Rf2+ Ke4 59.Rxf5 Rf3
60.Rxf3 Kxf3 61.Ke6 Ke4 62.Kxd6 Kd3 63.Kc5 Kxc3 64.Kxb5 Kd4 65.Ka6 c3 66.
b5 c2 67.b6 c1=Q 68.b7 Qc7 0-1

[Event "14th North Sea Cup"]
[Site "Esbjerg DEN"]
[Date "1996.??.??"]
[Round "3"]
[White "Roedgaard, John"]
[Black "Joergensen, Michael"]
[Result "1/2-1/2"]
[WhiteElo "2375"]
[BlackElo "2285"]
[EventDate "1996.??.??"]
[PlyCount "85"]

1.d4 f5 2.Nf3 Nf6 3.g3 g6 4.b3 Bg7 5.Bb2 O-O 6.Bg2 d6 7.O-O c6 8.c4 a5 9.
Qc2 Na6 10.a3 Bd7 11.Nbd2 b5 12.Rfe1 Rc8 13.Rad1 Qb6 14.Ba1 Qa7 15.e4 f4 
16.e5 Bf5 17.Qa2 Nh5 18.exd6 exd6 19.Ne4 fxg3 20.fxg3 Rcd8 21.cxb5 cxb5 
22.Neg5 b4 23.Ne6 Bxe6 24.Rxe6 Nc7 25.Re2 bxa3 26.Qxa3 Nb5 27.Qa4 Qa6 28.
Ra2 Rb8 29.Ng5 Bf6 30.Ne4 Bg7 31.Qxa5 Qc8 32.Qd2 h6 33.d5 Kh7 34.Bxg7 Nxg7
35.Qc2 Qg4 36.Qe2 Qd7 37.Qb2 Qc7 38.Kh1 Rf5 39.Raa1 Re5 40.Rac1 Qe7 41.Nc3
Nxc3 42.Qxc3 Re3 43.Rd3 1/2-1/2

[Event "14th North Sea Cup"]
[Site "Esbjerg DEN"]
[Date "1996.??.??"]
[Round "4"]
[White "Venoe Jakobsen, Lars"]
[Black "Roedgaard, John"]
[Result "1/2-1/2"]
[WhiteElo "2305"]
[BlackElo "2375"]
[EventDate "1996.??.??"]
[PlyCount "30"]

1.d4 d5 2.c4 e6 3.Nc3 c6 4.Nf3 Nf6 5.cxd5 exd5 6.Bg5 Be7 7.e3 Bf5 8.Bd3 
Bxd3 9.Qxd3 Nbd7 10.O-O O-O 11.Rab1 a5 12.Qc2 Nb6 13.Bxf6 Bxf6 14.Na4 Nxa4
15.Qxa4 Be7 1/2-1/2

[Event "14th North Sea Cup"]
[Site "Esbjerg DEN"]
[Date "1996.??.??"]
[Round "4"]
[White "Joergensen, Michael"]
[Black "Buus Pedersen, Hans"]
[Result "1/2-1/2"]
[WhiteElo "2285"]
[BlackElo "2230"]
[EventDate "1996.??.??"]
[PlyCount "45"]

1.d4 Nf6 2.c4 g6 3.Nc3 Bg7 4.e4 d6 5.f3 O-O 6.Bg5 c6 7.Qd2 a6 8.Bd3 b5 9.
Nge2 bxc4 10.Bxc4 Nbd7 11.O-O Rb8 12.Rab1 d5 13.Bb3 Nb6 14.e5 Ne8 15.f4 
Bf5 16.Rbc1 f6 17.Bh4 Nc4 18.Bxc4 dxc4 19.Rfd1 Bh6 20.Bf2 Bd3 21.g3 Qd7 
22.b3 Qg4 23.bxc4 1/2-1/2

[Event "14th North Sea Cup"]
[Site "Esbjerg DEN"]
[Date "1996.??.??"]
[Round "4"]
[White "Kristiansen, Jens"]
[Black "Emms, John"]
[Result "1/2-1/2"]
[WhiteElo "2440"]
[BlackElo "2500"]
[EventDate "1996.??.??"]
[PlyCount "75"]

1.e4 c5 2.Nf3 e6 3.Nc3 a6 4.d4 cxd4 5.Nxd4 Qc7 6.Bd3 Nf6 7.O-O Bc5 8.Nb3 
Be7 9.f4 d6 10.Qf3 Nbd7 11.a4 b6 12.Be3 Bb7 13.g4 d5 14.g5 dxe4 15.Nxe4 
Nxe4 16.Bxe4 Bxe4 17.Qxe4 Rc8 18.c3 O-O 19.Rad1 Nc5 20.Nxc5 Bxc5 21.Bxc5 
bxc5 22.f5 exf5 23.Qxf5 g6 24.Qf4 Qb7 25.Rf2 Rce8 26.Qf3 Qb3 27.Rd5 Qc4 
28.h3 Re4 29.Qd3 Qxd3 30.Rxd3 Rxa4 31.Kg2 Kg7 32.Rd5 Rc4 33.Rf3 h6 34.
gxh6+ Kxh6 35.b3 Re4 36.Rxc5 Re2+ 37.Rf2 Re3 38.Rf3 1/2-1/2

[Event "14th North Sea Cup"]
[Site "Esbjerg DEN"]
[Date "1996.??.??"]
[Round "4"]
[White "Poulton, James"]
[Black "Fries-Nielsen, Jens Ove"]
[Result "0-1"]
[WhiteElo "2360"]
[BlackElo "2425"]
[EventDate "1996.??.??"]
[PlyCount "91"]

1.e4 g6 2.d4 Bg7 3.c4 d6 4.Nc3 Nc6 5.d5 Ne5 6.f4 Nd7 7.Bd3 Nc5 8.Nf3 Nxd3+
9.Qxd3 Nf6 10.e5 Nd7 11.Qe2 O-O 12.O-O c6 13.Re1 cxd5 14.cxd5 dxe5 15.fxe5
Nb6 16.Rd1 Bg4 17.Bf4 Rc8 18.Rac1 Qd7 19.Rd4 e6 20.h3 Bxf3 21.Qxf3 f6 22.
Qg3 Nc4 23.Ne2 exd5 24.Qd3 fxe5 25.Rxd5 Qf7 26.Rxc4 Rxc4 27.Qxc4 exf4 28.
Qb3 Kh8 29.Rb5 Qe7 30.Qf3 b6 31.Nc3 Bd4+ 32.Kh2 Qe1 33.Ne2 Bc5 34.Qc3+ 
Qxc3 35.bxc3 f3 36.gxf3 Rxf3 37.Rb2 Rf2+ 38.Kg3 g5 39.Rd2 h5 40.Rd8+ Kg7 
41.Nc1 Rc2 42.Rd7+ Kf6 43.Nd3 Rxc3 44.Kf3 Ke6 45.Rd8 Be7 46.Rd4 0-1

[Event "14th North Sea Cup"]
[Site "Esbjerg DEN"]
[Date "1996.??.??"]
[Round "4"]
[White "Rewitz, Poul"]
[Black "Kristensen, Leif"]
[Result "0-1"]
[WhiteElo "2320"]
[BlackElo "2385"]
[EventDate "1996.??.??"]
[PlyCount "118"]

1.e4 g6 2.d4 Bg7 3.Nc3 d6 4.Be3 c6 5.Qd2 b5 6.f3 Nd7 7.g4 Nb6 8.b3 h5 9.g5
Qc7 10.a4 b4 11.Nd1 a5 12.Rc1 e6 13.Bd3 Ne7 14.Qf2 O-O 15.Ne2 d5 16.O-O 
Nd7 17.Bf4 Qb6 18.Bd6 Re8 19.e5 Ba6 20.Bxe7 Rxe7 21.f4 c5 22.Nb2 Ree8 23.
Ng3 cxd4 24.Qe2 Rec8 25.Rf2 Rc3 26.Rd1 Bxd3 27.Nxd3 Rac8 28.Rd2 Nc5 29.
Nxc5 Qxc5 30.Kf1 d3 31.Rxd3 Rxc2 32.Qxc2 Qxc2 33.Rxc2 Rxc2 34.Ne2 Bf8 35.
Ke1 Rb2 36.h3 Bc5 37.Kd1 Kf8 38.Nc1 Rh2 39.Ne2 Ke7 40.Ke1 Kd7 41.Kd2 Kc6 
42.Ke1 Bf2+ 43.Kf1 Bc5 44.Ke1 Rh1+ 45.Kd2 Bf2 46.Rf3 Rh2 47.Kd3 Kc5 48.Nc1
Be1 49.Ne2 d4 50.Nc1 Kd5 51.Ne2 h4 52.f5 gxf5 53.g6 fxg6 54.Nf4+ Kxe5 55.
Nxg6+ Kf6 56.Nf8 e5 57.Nd7+ Ke6 58.Nc5+ Kd5 59.Rxf5 Rd2# 0-1

[Event "14th North Sea Cup"]
[Site "Esbjerg DEN"]
[Date "1996.??.??"]
[Round "5"]
[White "Emms, John"]
[Black "Poulton, James"]
[Result "1/2-1/2"]
[WhiteElo "2500"]
[BlackElo "2360"]
[EventDate "1996.??.??"]
[PlyCount "136"]

1.e4 c5 2.Nf3 Nc6 3.c3 e6 4.d4 cxd4 5.cxd4 d5 6.Nc3 dxe4 7.Nxe4 Nf6 8.Bd3 
Bb4+ 9.Nc3 O-O 10.O-O b6 11.a3 Be7 12.Re1 Bb7 13.Bc2 Qd6 14.Qd3 Rad8 15.
Be3 g6 16.Rad1 Ng4 17.Bc1 Qb8 18.d5 exd5 19.h3 Nge5 20.Nxe5 Nxe5 21.Qg3 
Bd6 22.Nxd5 Bxd5 23.Rxd5 Rfe8 24.Rdd1 Bc7 25.Bh6 Rxd1 26.Rxd1 Rd8 27.Qc3 
Rxd1+ 28.Bxd1 Qd8 29.Bb3 Bd6 30.Kh1 Qc7 31.Qd4 Bf8 32.Bf4 Bg7 33.Qe4 h5 
34.g3 Qc6 35.Bd5 Qb5 36.Kg2 Qxb2 37.a4 a5 38.Be3 Bf6 39.g4 hxg4 40.hxg4 
Qb4 41.Qxb4 axb4 42.Bxb6 Nd7 43.Be3 Bd8 44.g5 Kf8 45.f4 f6 46.gxf6 Nxf6 
47.Bb3 Nd7 48.Kf3 Ke7 49.Bc2 Kf7 50.Ke2 Nf8 51.Kd3 Ne6 52.Kc4 Nc7 53.f5 
gxf5 54.Bxf5 Be7 55.Bd2 Kf6 56.Be4 Ke5 57.Bh1 b3 58.Kxb3 Kd4 59.a5 Ne6 60.
Bg2 Nc5+ 61.Ka3 Na6+ 62.Ka4 Ke5 63.Kb5 Nb8 64.Bb4 Ke6 65.Bc5 Kd7 66.Bh3+ 
Kd8 67.Bb6+ Ke8 68.Be3 Bd8 1/2-1/2

[Event "14th North Sea Cup"]
[Site "Esbjerg DEN"]
[Date "1996.??.??"]
[Round "5"]
[White "Fries-Nielsen, Jens Ove"]
[Black "Rewitz, Poul"]
[Result "1/2-1/2"]
[WhiteElo "2425"]
[BlackElo "2320"]
[EventDate "1996.??.??"]
[PlyCount "47"]

1.d4 d5 2.Nf3 Nc6 3.a3 Bg4 4.Nbd2 Nf6 5.e3 e6 6.Be2 Be7 7.O-O O-O 8.c4 Re8
9.b4 a6 10.Bb2 Bf8 11.Rc1 Ne7 12.Ne5 Bxe2 13.Qxe2 Nd7 14.f4 f6 15.Nxd7 
Qxd7 16.e4 Nc8 17.e5 fxe5 18.dxe5 dxc4 19.Nxc4 Ne7 20.Ne3 c6 21.g4 a5 22.
f5 Nd5 23.Nxd5 cxd5 24.b5 1/2-1/2

[Event "14th North Sea Cup"]
[Site "Esbjerg DEN"]
[Date "1996.??.??"]
[Round "5"]
[White "Kristensen, Leif"]
[Black "Joergensen, Michael"]
[Result "0-1"]
[WhiteElo "2385"]
[BlackElo "2285"]
[EventDate "1996.??.??"]
[PlyCount "56"]

1.e4 e6 2.d4 d5 3.e5 c5 4.c3 Nc6 5.Nf3 Qb6 6.Bd3 cxd4 7.cxd4 Bd7 8.Nc3 
Nxd4 9.Nxd4 Qxd4 10.O-O a6 11.Qe2 Ne7 12.Kh1 Nc6 13.f4 Bc5 14.a3 Na5 15.b4
Qxc3 16.Bd2 Qd4 17.bxc5 Nb3 18.Be3 Qc3 19.Rab1 d4 20.Bg1 Nxc5 21.Rfd1 Ba4 
22.Rd2 Nxd3 23.Rxd3 Qc2 24.Qf1 Bb5 25.Rxb5 axb5 26.Bxd4 O-O 27.h3 Rfd8 28.
Rc3 Qa4 0-1

[Event "14th North Sea Cup"]
[Site "Esbjerg DEN"]
[Date "1996.??.??"]
[Round "5"]
[White "Buus Pedersen, Hans"]
[Black "Venoe Jakobsen, Lars"]
[Result "1/2-1/2"]
[WhiteElo "2230"]
[BlackElo "2305"]
[EventDate "1996.??.??"]
[PlyCount "152"]

1.d4 Nf6 2.c4 e6 3.Nc3 Bb4 4.Bd2 c5 5.dxc5 Bxc5 6.Nf3 O-O 7.e3 b6 8.Be2 
Bb7 9.O-O Be7 10.Rc1 d6 11.Nd4 a6 12.Bf3 Qc7 13.Bxb7 Qxb7 14.Qe2 Nc6 15.
Nxc6 Qxc6 16.Rfd1 Rfb8 17.e4 Nd7 18.Bf4 Ne5 19.b3 Bf6 20.Bg3 Rd8 21.Kh1 
Ng6 22.Qe3 Rac8 23.Na4 Rb8 24.h3 h6 25.Qe2 Bg5 26.Rc3 Rbc8 27.Rcd3 Nf4 28.
Bxf4 Bxf4 29.Nc3 Be5 30.Nb1 b5 31.Nd2 Qc5 32.g3 Qa3 33.f4 Bf6 34.Nb1 Qc5 
35.Nd2 Kf8 36.Kh2 Ke7 37.e5 dxe5 38.Ne4 Qc7 39.Rxd8 Rxd8 40.Rxd8 Kxd8 41.
cxb5 axb5 42.Qd2+ Qd7 43.Qa5+ Qc7 44.Qd2+ Ke8 45.Nd6+ Ke7 46.Nxb5 Qc5 47.
fxe5 Bxe5 48.a4 f5 49.Qe2 h5 50.Kg2 Qc6+ 51.Qf3 Qc2+ 52.Kf1 g5 53.Qxh5 
Qd3+ 54.Kg2 Qxg3+ 55.Kf1 f4 56.Qh7+ Kf8 57.Qh6+ Kf7 58.Qh5+ Kg7 59.Qg4 
Qd3+ 60.Kg2 Qc2+ 61.Kf1 Qd3+ 62.Kg2 Qd5+ 63.Qf3 Qd2+ 64.Kf1 Kf6 65.Qh5 
Qd3+ 66.Kg2 Qg3+ 67.Kf1 Qxb3 68.Qh8+ Kg6 69.Qxe5 Qxh3+ 70.Kf2 Qg3+ 71.Kf1 
Qf3+ 72.Ke1 Qb3 73.Nd4 Qxa4 74.Qxe6+ Kh5 75.Qh3+ Kg6 76.Qe6+ Kh5 1/2-1/2

[Event "14th North Sea Cup"]
[Site "Esbjerg DEN"]
[Date "1996.??.??"]
[Round "5"]
[White "Roedgaard, John"]
[Black "Kristiansen, Jens"]
[Result "0-1"]
[WhiteElo "2375"]
[BlackElo "2440"]
[EventDate "1996.??.??"]
[PlyCount "62"]

1.Nf3 g6 2.d4 Bg7 3.c4 f5 4.g3 Nf6 5.Bg2 O-O 6.b3 c6 7.O-O d6 8.Bb2 Na6 9.
Nbd2 Qe8 10.Qc2 h6 11.e4 Nb4 12.Qc3 fxe4 13.Qxb4 exf3 14.Nxf3 g5 15.Ne1 a5
16.Qd2 Bf5 17.Nc2 Qd7 18.Ne3 Bg6 19.f3 d5 20.Rfe1 h5 21.cxd5 cxd5 22.h3 
Qd6 23.Nf1 g4 24.a4 gxf3 25.Bxf3 Ne4 26.Qe3 Rxf3 27.Qxf3 Rf8 28.Qe3 Kh7 
29.Kg2 Bh6 30.Qg1 Qf6 31.Re2 Qf3+ 0-1

[Event "14th North Sea Cup"]
[Site "Esbjerg DEN"]
[Date "1996.??.??"]
[Round "6"]
[White "Emms, John"]
[Black "Roedgaard, John"]
[Result "1-0"]
[WhiteElo "2500"]
[BlackElo "2375"]
[EventDate "1996.??.??"]
[PlyCount "57"]

1.e4 e6 2.d4 d5 3.Nd2 Nf6 4.Bd3 c5 5.e5 Nfd7 6.c3 Nc6 7.Ne2 cxd4 8.cxd4 f6
9.exf6 Nxf6 10.Nf3 Bd6 11.O-O Qc7 12.Bg5 O-O 13.Bh4 Bd7 14.Rc1 Qb6 15.Qd2 
Be8 16.Bg3 Bxg3 17.Nxg3 Bh5 18.Ne5 Be8 19.Nxc6 Bxc6 20.Rfe1 Bd7 21.h3 Rac8
22.Rcd1 Kh8 23.Bb1 Ba4 24.b3 Be8 25.Re3 Rc6 26.Rde1 Bf7 27.Rf3 Qc7 28.Rxf6
gxf6 29.Qh6 1-0

[Event "14th North Sea Cup"]
[Site "Esbjerg DEN"]
[Date "1996.??.??"]
[Round "6"]
[White "Venoe Jakobsen, Lars"]
[Black "Kristensen, Leif"]
[Result "1-0"]
[WhiteElo "2305"]
[BlackElo "2385"]
[EventDate "1996.??.??"]
[PlyCount "111"]

1.d4 d6 2.e4 g6 3.c4 Bg7 4.Nc3 Nf6 5.Be2 O-O 6.Bg5 c5 7.d5 b5 8.cxb5 a6 9.
a4 Qa5 10.Bd2 axb5 11.Bxb5 Ba6 12.Nge2 Ne8 13.O-O Nc7 14.Ra3 Qb6 15.Qb3 e6
16.Bf4 e5 17.Bg5 f6 18.Be3 Rf7 19.Be8 Qa5 20.Bxf7+ Kxf7 21.Nb5 Ne8 22.Qc3 
Qd8 23.b4 Nd7 24.Re1 f5 25.f3 fxe4 26.fxe4 Qh4 27.bxc5 dxc5 28.Bf2 Qxe4 
29.Qf3+ Ndf6 30.Qxe4 Nxe4 31.Nec3 Nxf2 32.Kxf2 Ke7 33.Raa1 Kd7 34.Ne4 Bf8 
35.Rec1 Rc8 36.Na7 Ra8 37.Nb5 Rc8 38.Na7 Ra8 39.Nc6 Bd6 40.Nxd6 Kxd6 41.
Rab1 Nc7 42.Rb8 Kxd5 43.Rxa8 Nxa8 44.Nb8 Bc8 45.Rd1+ Kc4 46.Rd8 Bf5 47.Nd7
Nc7 48.Nxe5+ Kb3 49.g4 Be4 50.Rd7 Na6 51.Ke3 Bg2 52.Rxh7 c4 53.Nxg6 c3 54.
Nf4 Bf1 55.Rb7+ Nb4 56.Nd5 1-0

[Event "14th North Sea Cup"]
[Site "Esbjerg DEN"]
[Date "1996.??.??"]
[Round "6"]
[White "Joergensen, Michael"]
[Black "Fries-Nielsen, Jens Ove"]
[Result "0-1"]
[WhiteElo "2285"]
[BlackElo "2425"]
[EventDate "1996.??.??"]
[PlyCount "149"]

1.d4 Nf6 2.c4 e6 3.Nf3 Bb4+ 4.Bd2 c5 5.Bxb4 cxb4 6.g3 O-O 7.Bg2 d6 8.O-O 
a5 9.a3 Na6 10.axb4 Nxb4 11.Nc3 b6 12.Ne1 Rb8 13.Nd3 Nxd3 14.Qxd3 Ba6 15.
Bc6 d5 16.b3 Rc8 17.Bb5 Bb7 18.f3 Qd6 19.e4 dxc4 20.bxc4 e5 21.d5 Bc6 22.
Bxc6 Rxc6 23.Na4 Nd7 24.Qe2 Rc7 25.Rab1 f5 26.Kh1 fxe4 27.fxe4 Rxf1+ 28.
Qxf1 Qg6 29.Qd3 Qd6 30.Qb3 Rc8 31.Qb5 Qg6 32.Re1 Qf7 33.Qb3 Qf2 34.Rb1 Rf8
35.Qd3 Rf3 36.Qd1 Ra3 37.Rb2 Qe3 38.Re2 Qf3+ 39.Kg1 Re3 40.Re1 Qxe4 41.
Rxe3 Qxe3+ 42.Kf1 Qe4 43.Qb3 Qh1+ 44.Kf2 Qxh2+ 45.Kf1 Qh1+ 46.Kf2 Qe4 47.
d6 Kf8 48.c5 Qf5+ 49.Kg1 bxc5 50.Qb7 Qg4 51.Nb6 Qxg3+ 52.Kh1 Qh4+ 53.Kg2 
Nxb6 54.Qxb6 Qg4+ 55.Kf2 Qf4+ 56.Ke2 Qc4+ 57.Kf2 Qf7+ 58.Ke2 Qc4+ 59.Kf2 
Qh4+ 60.Ke2 Qg4+ 61.Kf2 Qd7 62.Qc7 Ke8 63.Qxc5 a4 64.Qxe5+ Kf7 65.Qd5+ Kf6
66.Kg3 g6 67.Kh4 a3 68.Qf3+ Ke6 69.Qh3+ Kxd6 70.Qxa3+ Ke6 71.Qh3+ Ke7 72.
Qe3+ Kf7 73.Qf3+ Kg8 74.Qb3+ Qf7 75.Qb8+ 0-1